LEADER 00595nab a2200133 i 4500 001 000000329073 003 CaOOAMICUS 005 20180831173613.0 008 180831n it uu u0 0ita r 013 $a40717 040 $aSeMil$bita 245 10$aDon Antonio Niada (1953-2017) ; Don Emilio Parolini (1922-2017) ; Don Sandro Artioli (1942-2017?). - In [rubrica] :$bLa Fiacolla ricorda. 773 0 $tPreti 2017.$gp.31$w()290898 996 $6245$aDon Antonio Niada (1953-2017) ; Don Emilio Parolini (1922-2017) ; Don Sandro Artioli (1942-2017?). - In [rubrica] :$bLa Fiacolla ricorda.$9(OLS)http://semarc/title/417590 LEADER 00573nab a2200145 i 4500 001 000000315408 003 CaOOAMICUS 005 20180831173150.0 008 180831n xx uu u0 0und r 013 $a24495 040 $aSeMil$bita 100 1 $aTettamanzi, Dionigi,$c.$0(OLS)http://semarc/name/89456 245 10$aConflitti di coscienza e divorziati risposati: un'ipotesi di ricerca. 773 0 $t[Gennaio-Dicembre].$g409-420$w()274241 996 $6245$aConflitti di coscienza e divorziati risposati: un'ipotesi di ricerca$9(OLS)http://semarc/title/389458